Cities in Slovakia with population over 10,000 - Statistics

General Stats
  • This quiz has been taken 20 times
  • The average score is 34 of 70
Answer Stats
Hint Answer % Correct
475 503 Bratislava
93%
229 040 Košice
93%
78 489 Nitra
87%
49 855 Poprad
87%
82 656 Žilina
87%
76 018 Banská Bystrica
80%
84 824 Prešov
80%
63 803 Trnava
80%
52 520 Martin
73%
54 740 Trenčín
73%
31 359 Humenné
67%
37 791 Nové Zámky
67%
27 407 Ružomberok
67%
40 637 Zvolen
67%
30 840 Bardejov
60%
36 704 Michalovce
60%
38 641 Považská Bystrica
60%
20 556 Hlohovec
53%
32 967 Komárno
53%
31 974 Levice
53%
25 902 Lučenec
53%
19 644 Nové Mesto nad Váhom
53%
35 431 Spišská Nová Ves
53%
25 249 Topoľčany
53%
11 946 Zlaté Moravce
53%
23 328 Čadca
47%
13 955 Detva
47%
22 595 Dubnica nad Váhom
47%
23 044 Dunajská Streda
47%
15 052 Galanta
47%
15 552 Kežmarok
47%
18 935 Malacky
47%
24 900 Pezinok
47%
45 017 Prievidza
47%
17 472 Púchov
47%
22 048 Rimavská Sobota
47%
17 569 Rožňava
47%
21 183 Šaľa
47%
20 116 Senec
47%
15 573 Skalica
47%
20 061 Brezno
40%
18 095 Dolný Kubín
40%
14 660 Kysucké Nové Mesto
40%
14 256 Levoča
40%
10 985 Myjava
40%
21 439 Partizánske
40%
27 681 Piešťany
40%
11 484 Revúca
40%
12 349 Sabinov
40%
19 875 Senica
40%
18 712 Snina
40%
15 938 Stará Ľubovňa
40%
10 067 Stropkov
40%
23 213 Trebišov
40%
21 248 Vranov nad Topľou
40%
17 578 Žiar nad Hronom
40%
17 311 Bánovce nad Bebravou
33%
11 414 Bytča
33%
10 040 Fiľakovo
33%
10 884 Nová Dubnica
33%
10 168 Svidník
33%
10 305 Moldava nad Bodvou
27%
13 628 Šamorín
27%
11 028 Veľký Krtíš
27%
16 199 Handlová
20%
11 214 Holíč
20%
15 737 Sereď
20%
12 595 Stupava
20%
10 572 Kolárovo
13%
30 522 Liptovský Mikukáš
13%
No matching quizzes found
Score Distribution
Percent of People with Each Score
Percentile by Number Answered
Your Score History
You have not taken this quiz